Normal view
MARC view
Entry Personal Name
001 - CONTROL NUMBER
- control field: 43705
003 - CONTROL NUMBER IDENTIFIER
- control field: OSt
005 - DATE AND TIME OF LATEST TRANSACTION
- control field: 20240228162001.0
008 - FIXED-LENGTH DATA ELEMENTS
- fixed length control field: 240228|| aca||aabn | a|a d
040 ## - CATALOGING SOURCE
- Original cataloging agency: OSt
- Transcribing agency: OSt
100 ## - HEADING--PERSONAL NAME
- Personal name: Chandra, A., Coile, C. and Mommaerts, C.
670 ## - SOURCE DATA FOUND
- Source citation: Work cat.: (OSt)523625: Chandra, A., Coile, C. and Mommaerts, C. , What can economics say about Alzheimer’s disease?
